| 000 | 00685nam a22002177a 4500 | ||
|---|---|---|---|
| 999 |
_c15291 _d15291 |
||
| 003 | AR-CdUCM | ||
| 008 | 190426b ||||| |||| 00| 0 spa d | ||
| 020 | _a978-612-46460-1-0 | ||
| 040 |
_aMUNICIPALIDAD PROVINCIAL DEL CUSCO _cBIBLIOTECA MUNICIPAL DEL CUSCO |
||
| 082 |
_aPI / 376.1 / _bR77 |
||
| 100 |
_a Rojas Svetlana, Zimin _934337 |
||
| 245 | _aJuega, aprende y descubre con Incawawitas / | ||
| 260 |
_aLima : _bBermuda´s, _c2013. |
||
| 300 |
_a72 paginas ; _bIlustraciones,diagramas, _c30 cm. |
||
| 650 |
_aTexto infantil _929090 |
||
| 650 |
_aFormas _923016 |
||
| 650 |
_aAlimentos _97656 |
||
| 650 |
_aNumeros _921432 |
||
| 942 |
_2ddc _cLIBROS |
||
| 945 |
_arjall _d2019-04-26 |
||